El teatro chileno contemporáneo: 1941-1973

Збережено в:
Бібліографічні деталі
Автор: Fernández, Teodosio (Автор)
Формат: Книга
Мова:Іспанська
Опубліковано: Madrid Playor 1982
Серія:Colección Nova Scholar
Предмети:
Теги: Додати тег
Немає тегів, Будьте першим, хто поставить тег для цього запису!

MARC

LEADER 00000nam a2200000 a 4500
001 UCL1398
003 CL-VaPUC
008 030905e19820000SP |||||||||||||||||spa|d
020 |a 8435902935 
082 0 4 |a Ch862.9  |b FER  |2 21 
100 |a Fernández, Teodosio  |e author  |9 569528 
245 1 3 |a El teatro chileno contemporáneo: 1941-1973 
300 |a 213 p 
942 |c BK 
945 |d 20030905 00:00:00  |a cmena 
260 |a Madrid  |b Playor  |c 1982 
650 7 |a TEATRO CHILENO CONTEMPORANEO  |2 CL-VaPUC  |9 474155 
650 0 |a Crítica e interpretación literaria  |9 266284 
583 |a last modification  |c 20030905 00:00:00  |k Rodrigo Vera 
490 0 |a Colección Nova Scholar 
999 |c 305010  |d 305008 
952 |0 0  |1 0  |4 0  |6 CH_862_900000000000000_FER_1982  |7 0  |8 A  |9 367927  |a BIBHIS  |b BIBHIS  |d 2019-11-21  |i 3908194  |o Ch862.9 FER 1982  |p 3908194  |r 2025-01-20  |w 2019-11-21  |y BK  |k HIS